name the weapon - Statistics

General Stats
  • This quiz has been taken 116 times
  • The average score is 8 of 12
Answer Stats
Picture Answer % Correct
grenade
97%
axe
83%
throwing star
77%
flamethrower
75%
bazooka
74%
nunchucks
71%
sniper
69%
brass knuckles
58%
mace
57%
mortar
49%
claymore
38%
scimitar
28%
No matching quizzes found
Score Distribution
Percent of People with Each Score
Percentile by Number Answered
Your Score History
You have not taken this quiz